00581cam a22002054a 450000100090000000300040000900500170001300800410003001000170007102000150008804000180010304200080012105000220012910000240015124500480017526000460022330000340026965000220030365000500032512405658OSt20170221131358.0010511s2000 nyua 000 0 eng  a 00191693  a0970274408 aDLCcDLCdDLC apcc00aQM 33.5 .L48 20001 aLevin, Meryl.d200010aAnatomy of anatomy :bin images and words / aBrooklyn, NY. :bThird Rail Press,c2000. a133 p. :bcol. ill. ;c24 cm. 0aHuman dissection. 0aHuman anatomyxStudy and teachingvAnecdotes.